Max Ophüls /

Salvato in:
Dettagli Bibliografici
Autore principale: García Riera, Emilio (autor)
Natura: Libro
Lingua:spagnolo
Pubblicazione: Guadalajara, México : México : Universidad de Guadalajara, Centro de Investigación y Enseñanza Cinematográficas ; Centro de Capacitación Cinematográfica, 1988, c1988
Serie:(Grandes Cineastas ; 6)
Soggetti:
Tags: Aggiungi Tag
Nessun Tag, puoi essere il primo ad aggiungerne!!

MARC

LEADER 00000nam^a2200000^a^4500
001 000024036
005 20250521000000.0
009 20260526113848.023
020 |a 968-895-057-2 
037 |a Acervo ITESO - Biblioteca 
041 |a ESP 
082 |a 302. 2350944  |b GAR 
100 |a García Riera, Emilio  |e (autor) 
245 1 0 |a Max Ophüls /  |c E. García Riera. 
264 4 |a Guadalajara, México :  |b Universidad de Guadalajara, Centro de Investigación y Enseñanza Cinematográficas ;  |a México :  |b Centro de Capacitación Cinematográfica,  |c 1988, c1988 
300 |a 175 p. 
336 |a texto  |b txt  |2 rdacontenido 
337 |a sin mediación  |b n  |2 rdamedio 
338 |a volumen  |b nc  |2 rdasoporte 
440 1 |a (Grandes Cineastas ;  |v 6) 
585 |a Exposición DIA 2023-01 / Las mejores películas de todos los tiempos según críticos y cineastas 
649 |a XX 
650 |a Cineastas Alemanes -  |x Filmografías 
650 |a Cineastas Alemanes -  |x Biografías 
650 |a Cine Francés -  |x Historia y Crítica 
650 |a Cine Francés -  |y 1930-1939 
650 |a Cine Francés -  |y 1950-1959 
650 |a Cine Francés -  |y Siglo XX 
650 |a Cine Alemán -  |x Historia y Crítica 
650 |a Cine Alemán -  |y 1930-1939 
650 |a Cine Alemán -  |y Siglo XX 
650 |a Cine Norteamericano -  |x Historia y Crítica 
650 |a Cine Norteamericano -  |y 1940-1949 
650 |a Cine Norteamericano -  |y Siglo XX 
650 |a Ophüls, Max -  |x Tema Principal 
910 |a Fondo General 
920 |a Impresos - Libros 
930 |a Colección General 
905 |a 101 
901 |a 0240360100  |b IT1  |c ACC  |i 024036  |u 20250521 
902 |a https://opac.biblio.iteso.mx/vufind/Record/000024036